Statistics for Written European language quiz

Click here to take the quiz!

General Stats

  • This quiz has been taken 46 times
  • The average score is 11 of 21

Answer Stats

TextLanguage% Correct
Portez ce vieux whisky au juge blond qui fumeFrench
100%
Franz jagt im komplett verwahrlosten Taxi quer durch BayernGerman
95%
Съешь ещё этих мягких французских булок, да выпей чаюRussian
95%
La cigüeña tocaba cada vez mejor el saxofón y el búho pedía kiwi y quesoSpanish
81%
W niżach mógł zjeść truflę koń bądź psyPolish
76%
Um pequeno jabuti xereta viu dez cegonhas felizesPortuguese
76%
Quizdeltagerne spiste jordbær med fløde, mens cirkusklovnen Walther spillede på xylofonDanish
65%
Pijamalı hasta yağız şoföre çabucak güvendiTurkish
59%
Vår sære Zulu fra badeøya spilte jo whist og quickstep i min taxiNorwegian
49%
Flygande bäckasiner söka hwila på mjuka tuvorSwedish
49%
Чуєш їх, доцю, га? Кумедна ж ти, прощайся без ґольфів!Ukrainian
49%
Kæmi ný öxi hér ykist þjófum nú bæði víl og ádrepaIcelandic
46%
Sic surgens, dux, zelotypos quam karus haberisLatin
38%
Љубазни фењерџија чађавог лица хоће да ми покаже штосSerbian
35%
Gojazni đačić s biciklom drži hmelj i finu vatu u džepu nošnje.Croatian
27%
D'ḟuascail Íosa Úrṁac na hÓiġe Beannaiṫe pór Éaḃa agus ÁḋaiṁIrish
27%
Jove xef, porti whisky amb quinze glaçons d'hidrogen, coi!Catalan
24%
Įlinkdama fechtuotojo špaga sublykčiojusi pragręžė apvalų arbūząLithuanian
22%
Põdur Zagrebi tšellomängija-följetonist Ciqo külmetas kehvas garaažisEstonian
19%
Laŭ Ludoviko Zamenhof bongustas freŝa ĉeĥa manĝaĵo kun spicojEsperanto
16%
Šerif bo za vajo spet kuhal domače žganceSlovene
14%

Score Distribution

Percentile by Number Answered

Percent of People with Each Score

Your Score History

You have not taken this quiz